The external financing of economic development : International flow of long-term capital and official donations, 1962 - 1966

Sparad:
Bibliografiska uppgifter
Institutionell upphovsman: Deparment of economic and social Affairs
Materialtyp: Bok
Språk:Undetermined
Publicerad: New York United nationsThompson Delmar Learning 1968
Ämnen:
Taggar: Lägg till en tagg
Inga taggar, Lägg till första taggen!
Thư viện lưu trữ: Trung tâm Học liệu Trường Đại học Cần Thơ
LEADER 00681nam a2200193Ia 4500
001 CTU_105046
008 210402s9999 xx 000 0 und d
082 |a 332.6 
082 |b D419 
110 |a Deparment of economic and social Affairs 
245 4 |a The external financing of economic development : 
245 0 |b International flow of long-term capital and official donations, 1962 - 1966 
245 0 |c Deparment of economic and social Affairs 
260 |a New York 
260 |b United nationsThompson Delmar Learning 
260 |c 1968 
650 |a Economic assistance,Economic conditions 
904 |i Hiếu 
980 |a Trung tâm Học liệu Trường Đại học Cần Thơ